000 00559nam a2200217Ia 4500
008 101110s9999 xx 000 0 und d
041 _aENGLISH
082 _bSR33266
100 _aDias Mario; Vaz Michael (ed)
245 _aBusiness economics - III TYBCom
260 _c2009
_bMarvel Publication, Mumbai
300 _a140
365 _b140
520 _aEconomics
546 _aENGLISH
630 _aBusiness economics - III TYBCom
650 _aEconomics
655 _aEconomics
730 _aBusiness economics - III TYBCom
942 _cBOOK
999 _c825767
_d825764